000 01239nam a2200337Ia 4500
001 Z_6854
003 CHAP
005 20230622132051.0
008 220113s2015 xx 000 0 und d
010 _a170128
040 _cCHAP
090 _aTesis S27 2495
100 _aSaravia Euán, Samuel Andres
_9146150
245 _aVenado cola blanca (Odocoileus virginianus maxicanus Z.) y su habitat en Palpan y Villa de Ayala, Morelos /
_cAndres Samuel Saravia Euán
260 _aMéxico :
_bEl autor,
_c2015
300 _a90 p.
502 _aTesis (Ingeniero Agrónomo Especialista en Zootecnia) -- UACh, 2015 \ Dirección: Enrique Cortés Díaz; asesoría: Giovany Tonatiuh González Bonilla y José Luis Zaragoza Ramírez
650 _aDensidad
_9144264
650 _aHábitat
_952147
650 _aIndices de diversidad
_9146151
650 _aUMA
_9145715
650 _aVenado cola blanca
_9144429
700 _a González Bonilla, Giovany Tonatiuh y Zaragoza Ramírez, José Luis
_9146152
700 _aCortés Díaz, Enrique, director
_9144267
856 4 2 _uhttp://10.13.5.2/tesis/sist111635.pdf
_yDescargar PDF
901 _aTESIS S27 2495
902 _aA
910 _a2015
942 _c2
_2ddc
942 _c2
_2ddc
999 _c170128
_d170128